| 000 | 00605cam a22001814a 4500 | ||
|---|---|---|---|
| 005 | 20250605164033.0 | ||
| 008 | 250528s ||||||||||||||||||||||||d | ||
| 035 | _a16705 | ||
| 040 |
_aGR-AtMCL _bgre _dGR-AtMCL _eAACR2 |
||
| 245 | 1 | _aOscar Wilde / Plays | |
| 260 |
_bPenguin Books, _c1981 |
||
| 300 | _a352 | ||
| 520 | _aThis Penguin collection contains Oscar Wilde's five wittiest and best know plays. Lady's Windermere's Fan, A Woman of No Importance, An Ideal Husband, The Importance of Being Earnest, Salome. | ||
| 700 | 1 |
_aWilde Oscar _92793 |
|
| 942 | _cBK | ||
| 999 |
_c2178 _d2178 |
||